00311nam a2200121Ia 4500008004100000082001700041100001800058245003600076250000800112260004400120300000900164650001600173191201s2010 xx 000 0 und d a621.381bGUE aGUPTA,Sanjeev 0aElectronic Devices and Circuits aRep aN. DelhibDhanpat Rai Pub (P) Ltdc2010 aMISC aB.Tech(ECE)